| 000 | 00564nam a2200193Ia 4500 | ||
|---|---|---|---|
| 005 | 20250508154102.0 | ||
| 008 | 008 250505s9999 xx 000 0 eng d | ||
| 037 | _aTextual | ||
| 040 |
_aFEDL _beng _cFEDL |
||
| 041 |
_aeng _2eng |
||
| 084 |
_a700, FAU _qFEDL |
||
| 100 | _aFaulkner Ray | ||
| 245 | 0 | _aArt today: An introduction to the fine and functional arts | |
| 260 |
_aLondon, UK _bPeter Owen Limited _c1956 |
||
| 300 | _axxi,553p. | ||
| 700 |
_a Ziegfeld Edwin Hill Geral _9765021 |
||
| 942 |
_cTEXL _h700, FAU |
||
| 999 |
_c1347527 _d1347527 |
||